Derecho de menores
Guardat en:
| Autor principal: | |
|---|---|
| Format: | Llibre |
| Idioma: | espanyol |
| Publicat: |
Valparaíso
Mercantil
1965
|
| Matèries: | |
| Etiquetes: |
Afegir etiqueta
Sense etiquetes, Sigues el primer a etiquetar aquest registre!
|
MARC
| LEADER | 00000nam a2200000 a 4500 | ||
|---|---|---|---|
| 001 | UCZ7009 | ||
| 003 | CL-VaPUC | ||
| 008 | 951222e19650000CL |||||||||||||||||spa|d | ||
| 082 | 0 | 4 | |a 345.08 |b FUC |2 21 |
| 100 | 0 | |a Fuchslocher Petersen, Edmundo |e author |9 351687 | |
| 245 | 1 | 0 | |a Derecho de menores |
| 300 | |a v | ||
| 942 | |c BK | ||
| 945 | |d 19951222 00:00:00 |a rleighto | ||
| 260 | |a Valparaíso |b Mercantil |c 1965 | ||
| 500 | |a v.1: Delincuencia juvenil y menores inadaptados. Tribunales de menores. Leyes de protección en Chile | ||
| 500 | |a v.2: De los alimentos. Doctrina y procedimiento. Leyes N°16.618, N°14.908 y Código civil | ||
| 650 | 0 | |a Delincuencia juvenil |9 311188 | |
| 650 | 7 | |a TRIBUNALES DE MENORES |2 CL-VaPUC |9 351688 | |
| 650 | 7 | |a MENORES |2 CL-VaPUC |9 351689 | |
| 650 | 7 | |a PROTECCION |2 CL-VaPUC |9 351690 | |
| 650 | 0 | |a Juicio de alimentos |9 336568 | |
| 650 | 7 | |a MENORES EN SITUACION IRREGULAR |2 CL-VaPUC |9 255314 | |
| 651 | 7 | |a CHILE |2 CL-VaPUC |9 351691 | |
| 583 | |a last modification |c 20191010 08:28:04 |k Rodrigo Vera | ||
| 999 | |c 243142 |d 243140 | ||
| 952 | |0 0 |1 0 |4 0 |6 345_080000000000000_FUC_1965 |7 0 |8 A |9 256584 |a BIBDER |b BIBDER |d 2019-11-19 |h v.1 |i 3163601 |o 345.08 FUC 1965 |p 3163601 |r 2023-01-25 |w 2019-11-19 |y BK |k DER | ||
| 952 | |0 0 |1 0 |4 0 |6 345_080000000000000_FUC_1965 |7 0 |8 A |9 256585 |a BIBDER |b BIBDER |d 2019-11-19 |h v.2 |i 316361K |o 345.08 FUC 1965 |p 316361K |r 2023-01-25 |w 2019-11-19 |y BK |k DER | ||
| 952 | |0 0 |1 0 |4 0 |6 345_080000000000000_FUC_1965 |7 0 |8 A |9 256586 |a BIBDER |b BIBDER |d 2019-11-19 |h v.1 |i 1840185 |o 345.08 FUC 1965 |p 1840185 |r 2023-01-25 |w 2019-11-19 |y BK |k DER | ||
| 952 | |0 0 |1 0 |4 0 |6 345_080000000000000_FUC_1965 |7 0 |8 A |9 256589 |a BIBDER |b BIBDER |d 2019-11-19 |h v.2 |i 3975533 |o 345.08 FUC 1965 |p 3975533 |r 2023-01-25 |w 2019-11-19 |y BK |k DER | ||